<?xml version="1.0" encoding="UTF-8"?>
<collection xmlns="http://www.loc.gov/MARC21/slim">
 <record>
  <leader>02477nam a2200301 a 4500</leader>
  <controlfield tag="001">1/45002</controlfield>
  <controlfield tag="008">140723s2003    us            001 0 eng  </controlfield>
  <datafield tag="020" ind1=" " ind2=" ">
   <subfield code="a">9781555582678</subfield>
  </datafield>
  <datafield tag="020" ind1=" " ind2=" ">
   <subfield code="a">1555582672</subfield>
  </datafield>
  <datafield tag="035" ind1=" " ind2=" ">
   <subfield code="l">47960</subfield>
  </datafield>
  <datafield tag="040" ind1=" " ind2=" ">
   <subfield code="a">OPELS</subfield>
   <subfield code="b">eng</subfield>
   <subfield code="c">OPELS</subfield>
   <subfield code="d">OKU</subfield>
   <subfield code="d">OCLCQ</subfield>
   <subfield code="d">OCLCF</subfield>
   <subfield code="d">GR-PeUP</subfield>
  </datafield>
  <datafield tag="100" ind1="1" ind2=" ">
   <subfield code="a">Wisniewski, John Robert.</subfield>
  </datafield>
  <datafield tag="245" ind1="1" ind2="0">
   <subfield code="a">Linux &amp; OpenVMS interoperability</subfield>
   <subfield code="h">[electronic resource] :</subfield>
   <subfield code="b">tricks for old dogs, new dogs, and hot dogs with open systems /</subfield>
   <subfield code="c">John Robert Wisniewski.</subfield>
  </datafield>
  <datafield tag="246" ind1="3" ind2=" ">
   <subfield code="a">Linux and Open VMS interoperability</subfield>
  </datafield>
  <datafield tag="260" ind1=" " ind2=" ">
   <subfield code="a">Boston, Mass. :</subfield>
   <subfield code="b">Digital,</subfield>
   <subfield code="c">2003.</subfield>
  </datafield>
  <datafield tag="300" ind1=" " ind2=" ">
   <subfield code="a">1 online resource (xiii, 198 p.) :</subfield>
   <subfield code="b">ill.</subfield>
  </datafield>
  <datafield tag="490" ind1="1" ind2=" ">
   <subfield code="a">Compact solutions</subfield>
  </datafield>
  <datafield tag="500" ind1=" " ind2=" ">
   <subfield code="a">Includes index.</subfield>
  </datafield>
  <datafield tag="505" ind1="0" ind2=" ">
   <subfield code="a">Assessing OpenVMS and Linux : the right tool for the right job -- Breaking into OpenVMS and Linux -- TCP/IP for OpenVMS and Linux -- Security tools for OpenVMS and Linux -- X Windows applications : X Windows interoperability with VMS and Linux -- Using e-mail with OpenVMS and Linux -- SMB for Linux and OpenVMS -- Apache VMS and Linux style -- A compendium of open source tools for OpenVMS and Linux.</subfield>
  </datafield>
  <datafield tag="520" ind1=" " ind2=" ">
   <subfield code="a">Make OpenVMS High Availability systems and low cost Open System computers work together in complex Intranet and Internet environments. Users of Linux, UNIX and the hundreds of thousands of OpenVMS installations world-wide will find invaluable information in Linux and OpenVMS Interoperability. This book gives you access to the best resources of both Linux and OpenVMS systems by providing practical hints, tricks, and step-by-step processes for installing and interoperating both systems. If you've heard one of John Wisniewski's many presentations on the subject, you'll find that he also brings his expertise and his own brand of humor to the task of explaining these operating systems to new and experienced programmers and administrators. Covers the capabilities, features, and advantages of both Linux and OpenVMS Offers tested solutions to practical interoperability problems Provides a basis for you to choose the right operating system for your needs.</subfield>
  </datafield>
  <datafield tag="630" ind1="0" ind2="0">
   <subfield code="a">Linux.</subfield>
  </datafield>
  <datafield tag="650" ind1=" " ind2="4">
   <subfield code="a">OpenVMS device drivers.</subfield>
  </datafield>
  <datafield tag="655" ind1=" " ind2="4">
   <subfield code="a">Electronic books.</subfield>
  </datafield>
  <datafield tag="830" ind1=" " ind2="0">
   <subfield code="a">Compact solutions.</subfield>
  </datafield>
  <datafield tag="852" ind1=" " ind2=" ">
   <subfield code="a">INST</subfield>
   <subfield code="b">UNIPILB</subfield>
   <subfield code="c">EBOOKS</subfield>
   <subfield code="e">20140723</subfield>
   <subfield code="p">00b47960</subfield>
   <subfield code="q">00b47960</subfield>
   <subfield code="t">ONLINE</subfield>
   <subfield code="y">0</subfield>
  </datafield>
  <datafield tag="856" ind1="4" ind2="0">
   <subfield code="3">ScienceDirect</subfield>
   <subfield code="u">http://www.sciencedirect.com/science/book/9781555582678</subfield>
  </datafield>
  <datafield tag="856" ind1="4" ind2=" ">
   <subfield code="d">/webopac/covers/03/47960_9781555582678.jpg</subfield>
  </datafield>
  <datafield tag="856" ind1="4" ind2=" ">
   <subfield code="d">/webopac/covers/03/47960_1555582672.jpg</subfield>
  </datafield>
 </record>
</collection>
